| 000 | 01335nam0a2200325 4500 | ||
|---|---|---|---|
| 001 | RU\NLR\BIBL_A\022578922 | ||
| 005 | 20260327140643.0 | ||
| 010 |
_a978-5-4499-4199-2 _9500 |
||
| 035 | _a(NLR Aleph) 022578922 | ||
| 090 |
_a13471552 _c13471552 |
||
| 100 | _a20250703d2024 u y0rusy50 ca | ||
| 101 | 0 | _arus | |
| 102 | _aRU | ||
| 105 | _aac z 000yy | ||
| 181 | 0 |
_ai _baxxe |
|
| 182 | 0 | _an | |
| 200 | 1 |
_aСовременное корпоративное управление и имидж корпорации _eмонография _fС. Б. Зайнуллин |
|
| 203 |
_aТекст _bвизуальный _cнепосредственный |
||
| 210 |
_aМосква _cДирект-Медиа _d2024 |
||
| 215 |
_a271, [1] с. _cил., цв. ил., портр. _d21 |
||
| 300 | _aНа 271-й с. авт.: Зайнуллин С. Б., канд. экон. наук | ||
| 320 | _aБиблиогр.: с. 252-258 (94 назв.) и в подстроч. примеч. | ||
| 606 | 1 |
_aКорпорации _xУправление _2nlr_sh1 _2nlr_sh2 _3RU\NLR\AUTH\66916305 |
|
| 686 | 1 | _aУ21(0)25 | |
| 686 | 1 | _aУ21(2)25(2Р) | |
| 700 | 1 |
_aЗайнуллин _bС. Б. _f1977- _gСергей Булатович _3RU\NLR\AUTH\770291621 |
|
| 942 | _cBOOK | ||
| 980 | _aNB | ||